Paulo De Barros Carvalho um jurista brasileiro dimense̳s e percursos

Bibliographic Details
Main Author: De Sales Gaudn̊cio, Francisco
Other Authors: Costa, Hernani Maia
Format: eBook
Language:Portuguese
Published: San Pablo: Editora Noeses, 2017
Subjects:
Online Access:Acceso restringido

MARC

LEADER 00000nam a22000007a 4500
005 20210515151420.0
007 cr|||| ||||
008 210515s2017 br |||||s|||| 00||0 por d
020 |a 978-85-93001-01-7 
035 |a 33357 
040 |a vLex 
090 |c 11684  |d 11684 
100 1 |a De Sales Gaudn̊cio, Francisco 
245 1 0 |a Paulo De Barros Carvalho um jurista brasileiro dimense̳s e percursos  |h [Recurso electrn̤ico] /  |c Francisco De Sales Gaudn̊cio, Hernani Maia Costa 
256 |a Servicio en ln̕ea 
260 |a San Pablo:  |b Editora Noeses,  |c 2017 
300 |a 1 recurso electrn̤ico 
500 |a Depois de quase trs̊ anos, os autores oferecem ao pb︢lico, o resultado final de um exaustivo trabalho de pesquisa e de redaȯ̂, que teve como tema as dimense̳s e os percursos do jurista Paulo de Barros Carvalho. A biografia aborda a longa trajetr̤ia profissional e acadm̊ica, seu imensurv̀el conhecimento, seus tt̕ulos e comendas recebidas ao longo de uma brilhante carreira e o respeito daqueles que o reconhecem internacionalmente como uma das maiores expresse̳s da cin̊cia jurd̕ica contemporńea, pela seriedade, integridade moral e honestidade intelectual. Paulo de Barros Carvalho ̌Professor Emřito e Titular da PUC-SP e da USP, autor de muitos livros e trabalhos cientf̕icos, Presidente do Instituto Brasileiro de Estudos Tributr̀ios – IBET, editor-chefe da Editora Noeses, titular da cadeira nð 14 na Academia Brasileira de Filosofia, advogado, dentre outros tantos qualificativos. Responsv̀el pela aclamada escola metodolg̤ica do Direito - o Constructivismo Lg̤ico-Semńtico - sô muitas as suas contribuiė̳s para a cin̊cia do Direito, as quais se estenderô para as prx̤imas dčadas, fixadas em bases sl̤idas da lg̤ica, da semit̤ica, da filosofia da linguagem e da teoria geral do Direito. Esta obra biogrf̀ica percorre as origens familiares e revela flashes sobre ocorrn̊cias e protagonistas da histr̤ia brasileira da segunda metade do sčulo XX at ̌os dias de hoje. Traz depoimentos de grandes nomes do Direito, muitas histr̤ias contadas pelo prp̤rio biografado, por seus amigos, familiares e alunos distribud̕os no Brasil e no exterior. Enfim, trata-se de trabalho que serve a duplo props̤ito: compe̳ documento histr̤ico preciso, sn̕tese dos acontecimentos que descrevem e situa o biografado em seu tempo, relatando os caminhos em seus inm︢eros papǐs, no ḿbito pessoal e profissional. 
506 1 |a Disponible solo en los productos indicados  |d vLex Global  |d vLex Global (Academic Edition, excluding Law Schools)  |d vLex Global (U.S. Academic Edition, Law Schools)  |d vLex Global (U.S. Academic Edition, excluding Law Schools)  |d vLex Global (Academic Edition, Law Schools) 
650 0 4 |a Abogados  |z Brasil 
650 0 4 |a Derecho Pb︢lico y Administrativo  |z Brasil 
700 1 |a Costa, Hernani Maia 
740 0 |a vLex Libros (Servicio en ln̕ea) 
856 4 0 |u https://vlex.com/source/paulo-de-barros-carvalho-um-jurista-brasileiro-dimens-es-e-percursos-33357  |z Acceso restringido 
942 |c BOOK 
999 0 |a Lawyers 
999 0 |a Public and Administrative Law